01609cam a2200349 i 450000100090000000300090000900500170001800800410003502000180007602000150009404000380010908200220014710000320016924501660020126400520036730000430041933600260046233700280048833800270051650400510054365000390059465500170063370000560065070000460070685600740075285600880082685600760091485601060099094200120109699900170110895201340112512365496EG-ScBUE20250701095339.0010402s2002 enka f b 001 0 eng d a9780521025898 a0521025893 aDLCbengerdacDLCdDLCdEG-ScBUE04a539.7213222bSHI1 aShirane, G.,eauthor.9403410aNeutron scattering with a triple-axis spectrometer :bbasic techniques /cGen Shirane, Stephen M. Shapiro, and John M. Tranquada, Brookhawen National Laboratory. 1aNew York : bCambridge University Press,c2002. ax, 273 pages :billustrations ;c26 cm 2rdacontentatextbtxt aunmediated2rdamediabn avolumebnc2rdacarrier aIncludes bibliographical references and index. 7aNeutronsxScattering.2BUEsh94035 vReading book1 aShapiro, S. M.q(Stephen M.),d1941-eauthor.940361 aTranquada, John M.,d1955-eauthor.94037413Sample textuhttp://www.loc.gov/catdir/samples/cam033/2001035050.html423Publisher descriptionuhttp://www.loc.gov/catdir/description/cam021/2001035050.html413Table of contentsuhttp://www.loc.gov/catdir/toc/cam021/2001035050.html423Contributor biographical informationuhttp://www.loc.gov/catdir/enhancements/fy0731/2001035050-b.html 2ddccBB c11379d11379 00102ddc40708BaccahaMAINbMAINc1STd2009-04-22ePurchaseg336.00h7117l0o539.7213 SHIp000016071r2025-07-15 00:00:00yBB